communication system (Record no. 5131)

MARC details
000 -LEADER
fixed length control field 00385nam a22001697a 4500
005 - DATE AND TIME OF LATEST TRANSACTION
control field 20230118123704.0
008 - FIXED-LENGTH DATA ELEMENTS--GENERAL INFORMATION
fixed length control field 160701b xxu||||| |||| 00| 0 eng d
020 ## - INTERNATIONAL STANDARD BOOK NUMBER
ISBN 978-93-5014-359-9
041 ## - LANGUAGE CODE
Language code of text/sound track or separate title eng
082 ## - DEWEY DECIMAL CLASSIFICATION NUMBER
Item number 20795
100 ## - MAIN ENTRY--AUTHOR NAME
Personal name sharma Dr sanjay
245 ## - TITLE STATEMENT
Title communication system
260 ## - PUBLICATION, DISTRIBUTION, ETC. (IMPRINT)
Name of publisher Katson
300 ## - PHYSICAL DESCRIPTION
Number of Pages 1138
650 ## - SUBJECT ADDED ENTRY--TOPICAL TERM
Topical Term PHARMACY
General subdivision D.PHARMA
942 ## - ADDED ENTRY ELEMENTS (KOHA)
Koha item type Books
Holdings
Lost status Damaged status Collection code Home library Current library Shelving location Date acquired Cost, normal purchase price Full call number Accession Number Koha item type
    Reference JRU Library   SHELF-30-E 01/07/2016 595.00 20795 20795 Books
      JRU Library   SHELF-35-F 01/07/2016 595.00 20795 20796 Books
      JRU Library   SHELF-35-F 01/07/2016 595.00 20795 20797 Books
      JRU Library   SHELF-35-F 01/07/2016 595.00 20795 20798 Books
      JRU Library   SHELF-35-F 01/07/2016 595.00 20795 20799 Books